000 01267nam a22002537a 4500
005 20080922113656.0
008 080922t xxu||||| |||| 00| f hin d
010 _aHIN-84145
020 _a9788188285372
_c200.00
035 _aHN-56491
037 _bDBAD / PUB
040 _aDPL
_bHN
082 _a
100 _aचट्टोपाघ्याय, बंकिमचन्द्र
_b1838-
245 _aदुर्गेशनंदिनी /
_cबंकिमचन्द्र चट्टोपाघ्याय
246 _aDurgeshanandini
_bby Bankimchandra Chattopadhyay
260 _aदिल्ली
_bनया साहित्य केन्द्र
_c2008
270 _aफेस ई-1/265, गली नं.-16, सोनिया विहार
_bदिल्ली
_e110094
300 _a144पृ.
_c22सेमी(सजिल्द)
650 _aबँगला कथा साहित्य
_xहिन्दी अनुवाद
650 _aBangla fiction
_xTranslations into Hindi
942 _2ddc
_cHN
_h
_mचट्टोपा
999 _c15535
_d15535